Ikhwan-Us-safa (Record no. 7815)

MARC details
000 -LEADER
fixed length control field 00611nam a2200241 a 4500
020 ## - INTERNATIONAL STANDARD BOOK NUMBER
ISBN
082 00 - DEWEY DECIMAL CLASSIFICATION NUMBER
Classification number 297.4
Author Cutter FAR8
100 ## - MAIN ENTRY--AUTHOR NAME
Author name Farangi Mahali, Muhammad Barkatullah
245 ## - TITLE STATEMENT
Title Ikhwan-Us-safa
260 ## - PUBLICATION, DISTRIBUTION, ETC. (IMPRINT)
Place of publication Calcutta
Name of publisher M.A Qayoom Book Seller
Year of publication 1912
300 ## - PHYSICAL DESCRIPTION
Number of Pages 120p
500 ## - GENERAL NOTE
General note includes index and biblioraphy
650 ## - SUBJECT ADDED ENTRY--TOPICAL TERM
Topical Term Sufism
650 ## - SUBJECT ADDED ENTRY--TOPICAL TERM
Topical Term Ikhwan-Us-Sufa
942 ## - ADDED ENTRY ELEMENTS (KOHA)
Koha item type Books
700 1# -
-- Farangi Mahali, Muhammad Barkatullah
Holdings
Collection code Home library Current library Date acquired Cost, normal purchase price Full call number Accession Number Koha item type
  Henry Martyn Institute Library Henry Martyn Institute Library 10/25/2007 100.00 297.4 FAR8 010299 Books
                   Copyright © 2026 | Henry Martyn Institute | Hyderabad | TS-500052 | INDIA | Implemented by hmi.edu.in
Hit-Count:

Powered by Koha